000 00758nam a22001817a 4500
999 _c18024
_d18024
003 AR-CdUCM
008 190511b ||||| |||| 00| 0 spa d
040 _aMUNICIPALIDAD PROVINCIAL DEL CUSCO
_cBIBLIOTECA MUNICIPAL DEL CUSCO
082 _a376.541 /
_bH48
100 _aHidalgo Ortega, Jesus
_938355
245 _aLa tesis :
_bguía de investigación para optar el grado de bachiller y titulo profesional en las carreras de contabilidad, economía y administración /
260 _aLima :
_bFecat,
_c1989.
300 _a231 páginas ;
_c22 cm.
505 _aInvestigación -- campos de aplicación en la investigación -- Metodos -- Tipos de generalizaciones --
650 _aMetodología de investigación.
_99307
942 _2ddc
_cLIBROS
945 _awfj